[Event "HUN-chT2 Maroczy 0203"]
[Site "Hungary"]
[Date "2003.01.19"]
[Round "5.10"]
[White "Karkus, Karoly"]
[Black "Nagy, Attila"]
[Result "0-1"]
[WhiteElo "2112"]
[BlackElo "2075"]
[PlyCount "68"]
[EventDate "2002.09.22"]
[EventType "team"]
[EventRounds "11"]
[EventCountry "HUN"]
[SourceTitle "EXT 2004"]
[Source "ChessBase"]
[SourceDate "2003.11.25"]
[SourceVersion "1"]
[SourceVersionDate "2003.11.25"]
[SourceQuality "1"]
[WhiteTeam "Husi"]
[BlackTeam "BIOGAL SE"]
[WhiteTeamCountry "HUN"]
[BlackTeamCountry "HUN"]

1. d4 c5 2. d5 e5 3. g3 d6 4. e4 g6 5. c4 Bg7 6. Nc3 f5 7. Bd3 Nf6 8. Bg5 0-0 9. Qd2 a6 10. h4 Qe8 11. 0-0-0 Bd7 12. Nh3 b5 13. Bxf6 Rxf6 14. Rh2 b4 15. Nb1 f4 16. Rg1 fxg3 17. Rxg3 Bxh3 18. Rgxh3 Qf8 19. Qe2 Ra7 20. h5 g5 21. Qg4 Bh6 22. Nd2 Raf7 23. f3 Rf4 24. Qe6 R4f6 25. Qg4 Rf4 26. Qe6 g4 27. Rg2 Kh8 28. fxg4 Rf2 29. Rhh2 Bxd2+ 30. Kd1 Rxg2 31. Rxg2 Bg5 32. a3 Rf6 33. axb4 Rxe6 34. dxe6 Qf3+ 0-1

[Event "HUN-chT2 Maroczy 0001"]
[Site "Hungary"]
[Date "2001.01.14"]
[Round "4"]
[White "Karkus, Karoly"]
[Black "Dobcsanyi, David"]
[Result "1/2-1/2"]
[WhiteElo "2118"]
[BlackElo "2112"]
[PlyCount "26"]
[EventDate "2000.11.26"]
[EventType "team"]
[EventRounds "11"]
[EventCountry "HUN"]
[SourceTitle "EXT 2007"]
[Source "ChessBase"]
[SourceDate "2006.11.23"]
[SourceVersion "1"]
[SourceVersionDate "2006.11.23"]
[SourceQuality "1"]
[WhiteTeam "Foti"]
[BlackTeam "Mako"]
[WhiteTeamCountry "HUN"]
[BlackTeamCountry "HUN"]

1. d4 d5 2. Nf3 Nf6 3. c4 c6 4. g3 g6 5. Bg2 Bg7 6. 0-0 0-0 7. cxd5 cxd5 8. Nc3 Nc6 9. Bf4 Bf5 10. Rc1 Ne4 11. Be3 Nxc3 12. Rxc3 Be4 13. Qd2 e6 1/2-1/2

[Event "Tapolca op"]
[Site "Budapest"]
[Date "1999.01.09"]
[Round "2"]
[White "Karkus, Karoly"]
[Black "Jamrich, Gyorgy"]
[Result "0-1"]
[WhiteElo "2170"]
[BlackElo "2310"]
[PlyCount "72"]
[EventDate "1999.01.??"]
[EventType "swiss"]
[EventRounds "9"]
[EventCountry "HUN"]
[SourceTitle "CBM 068 Extra"]
[Source "ChessBase"]
[SourceDate "1999.03.01"]
[SourceVersion "1"]
[SourceVersionDate "1999.03.01"]
[SourceQuality "1"]

1. d4 d5 2. c4 Nc6 3. cxd5 Qxd5 4. Nf3 e5 5. Nc3 Bb4 6. Bd2 Bxc3 7. Bxc3 e4 8. Ne5 e3 9. Qb3 Qxb3 10. axb3 Nxe5 11. dxe5 exf2+ 12. Kxf2 Be6 13. b4 Bd5 14. Rd1 Ne7 15. e3 0-0-0 16. Be2 Rhe8 17. Rd2 Bb3 18. Bg4+ Be6 19. Bxe6+ fxe6 20. Rc2 a6 21. Bd4 Nc6 22. Rhc1 Re7 23. Rc4 Rd5 24. Ke2 Nxe5 25. Bxe5 Rxe5 26. e4 Rh5 27. h3 c6 28. Rf1 Kc7 29. Ke3 Kb6 30. Rf8 Kb5 31. b3 e5 32. Rf5 g6 33. Rf3 Re6 34. Rf7 b6 35. Rd7 Rg5 36. Rd2 Rg3+ 0-1

[Event "Tapolca op"]
[Site "Budapest"]
[Date "1997.??.??"]
[Round "3"]
[White "Karkus, Karoly"]
[Black "Horvath, Imre"]
[Result "0-1"]
[WhiteElo "2205"]
[BlackElo "2340"]
[PlyCount "36"]
[EventDate "1997.??.??"]
[EventType "swiss"]
[EventRounds "9"]
[EventCountry "HUN"]
[SourceTitle "EXT 2002"]
[Source "ChessBase"]
[SourceDate "2001.11.25"]
[SourceVersion "1"]
[SourceVersionDate "2001.11.25"]
[SourceQuality "1"]

1. d4 Nf6 2. c4 c5 3. d5 b5 4. cxb5 a6 5. Nc3 axb5 6. e4 b4 7. Nb5 d6 8. Bd3 g6 9. Nf3 Bg7 10. 0-0 0-0 11. Qe2 Nbd7 12. a4 Nb6 13. Qc2 Ba6 14. Bd2 Qd7 15. Ra2 Nxe4 16. Rfa1 Nxd2 17. Qxd2 c4 18. a5 Qxb5 0-1

[Event "Tapolca op"]
[Site "Budapest"]
[Date "1997.??.??"]
[Round "5"]
[White "Karkus, Karoly"]
[Black "Kerek, Krisztian"]
[Result "0-1"]
[WhiteElo "2205"]
[BlackElo "2290"]
[PlyCount "64"]
[EventDate "1997.??.??"]
[EventType "swiss"]
[EventRounds "9"]
[EventCountry "HUN"]
[SourceTitle "EXT 2002"]
[Source "ChessBase"]
[SourceDate "2001.11.25"]
[SourceVersion "1"]
[SourceVersionDate "2001.11.25"]
[SourceQuality "1"]

1. d4 Nf6 2. c4 a6 3. b3 g6 4. Bb2 Bg7 5. e3 0-0 6. Nf3 c5 7. d5 b5 8. Qc2 d6 9. e4 e6 10. dxe6 Bxe6 11. Bd3 Nc6 12. a3 bxc4 13. bxc4 Rb8 14. Bc3 Qb6 15. Nbd2 Nd4 16. Bxd4 cxd4 17. 0-0 Nd7 18. Rfb1 Qa5 19. Nb3 Qc3 20. Ra2 Qxc2 21. Bxc2 Bxc4 22. Bd1 Nc5 23. Nfd2 Be6 24. a4 Rb4 25. Raa1 d3 26. Nxc5 dxc5 27. Rxb4 Bxa1 28. Rb1 Bc3 29. Nf3 c4 30. Ng5 Bd4 31. Nf3 Bg7 32. Ne1 Rd8 0-1